000
00434nam a2200169Ia 4500
008
090711s9999 xx 000 0 und d
082
_b
46243
100
_a
आफळे सुनीती
245
_a
केवडा
260
_c
1983
300
_a
164
600
_a
आफळे सुनीती
630
_a
केवडा
700
_a
आफळे सुनीती
730
_a
केवडा
942
_c
BOOK
999
_c
308996
_d
308996